[Event "27th CRO-chT 1A-Men 2018"]
[Site "Biograd"]
[Date "2018.09.19"]
[Round "9.8"]
[White "Bogut, Zeljko"]
[Black "Korobov, Anton"]
[Result "0-1"]
[WhiteElo "2415"]
[BlackElo "2685"]
[Annotator "TA"]
[PlyCount "100"]
[EventDate "2018.09.08"]
[EventType "team-tourn"]
[EventCountry "CRO"]
[SourceTitle "playchess.com"]
[Source "ChessBase"]
[SourceQuality "1"]

{[%evp 30,100,0,-2,27,40,57,68,79,60,52,8,0,-67,-76,-106,-98,-112,-106,-102,-46,-55,-42,-43,0,0,0,0,0,0,0,0,0,0,0,0,0,0,0,-32,-37,-35,0,0,0,0,0,0,0,0,0,-146,-8,-26,-15,-104,-92,-106,-118,-126,-120,-272,-258,-994,-992,-575,-82,-29989,-29990,-29995,-29996,-29996,-29997]} 1. e4 c5 2. Nf3 d6 3. d4 cxd4 4. Qxd4 Nf6 5. Nc3 Nc6 6. Bb5 Bd7 7. Bxc6 Bxc6 8. Bg5 {[%cal Bc1g5,Bg5h4,Bh4g3,Bg3f4][%mdl 32]} e6 9. O-O-O Be7 10. Rhe1 O-O 11. Qd2 Rc8 12. Nd4 {B53: Sicilian: 2...d6: Lines with Qxd4} h6 (12... a6 13. f4 h6 14. Bh4 b5 15. Nxc6 Rxc6 16. e5 b4 17. Ne2 dxe5 18. fxe5 Nd5 19. Bxe7 Qxe7 {0-1 (33) Mrdja,M (2355)-Kozul,Z (2591) Mali Losinj 2016}) 13. Bh4 Qa5 14. Kb1 Qh5 15. Bg3 Rfd8 16. f3 {LiveBook: 3 Games} Be8 $146 ({Predecessor:} 16... d5 17. e5 Nd7 18. Nce2 Qg6 19. Nf4 Qh7 20. Bf2 Bc5 {0-1 (55) Fargere,F (2446)-Lach,A (2161) Warsaw 2013}) 17. Bf4 d5 18. g4 Qg6 19. e5 Nd7 20. Bg3 Nb6 21. Qd3 (21. Nce2 $11) 21... Qxd3 $15 22. cxd3 Bb4 $1 23. Bh4 g5 24. Bf2 Bxc3 ({Better is} 24... Na4 $1 $17 25. Nde2 Bxc3 26. Nxc3 Rxc3 27. bxc3 Nxc3+ 28. Kc2 Nxd1 29. Kxd1 d4) 25. bxc3 Rxc3 26. h4 Kg7 27. hxg5 hxg5 28. Be3 Kg6 $1 29. Rh1 {aiming for Rh5.} Nc4 $1 {[%cal Rc4e3]} 30. Bxg5 $1 Kxg5 31. Rh5+ Kg6 {Strongly threatening ...Ba4.} 32. dxc4 dxc4 33. f4 {Rg5+ would kill now.} f6 {Hoping for ...fxe5.} 34. Rdh1 {White wants to mate with Rh7.} Rxd4 35. f5+ exf5 36. gxf5+ Kg7 37. Rg1+ Kf8 38. Rh8+ Ke7 39. Rg7+ Kd8 $1 ({But not} 39... Bf7 $2 40. e6 $18) 40. Rxb7 (40. exf6 $11 Rd1+ 41. Kb2) 40... Re3 (40... Rd1+ $1 $17 41. Kb2 Rf3 42. Rb8+ Kc7 43. Rbxe8 Rd2+ 44. Kc1 Rxa2 45. Rc8+ Kb6) 41. Rb8+ $11 Kc7 42. Rhxe8 (42. Rbxe8 $11 {remains equal.} Re2 43. Rh1) 42... fxe5 {[%mdl 4096] Endgame KRR-KRR} 43. f6 {Black must now prevent f7.} Rf4 $1 {[%cal Rf4f1]} 44. Rbc8+ {[#]} Kb6 $1 45. Re6+ $2 {[#]} (45. Red8 $17 {was called for.}) 45... Kb5 $1 $19 46. Kc2 $2 (46. Rb8+ Kc5 47. Rd8) 46... Rf2+ 47. Kd1 Rfe2 $2 (47... c3 $19 {has better winning chances. ( -> ...Rd2+)} 48. Rd6 Kb4) 48. Rxe5+ $2 {[%mdl 8192]} (48. Rd6 $17 Re1+ 49. Kc2) 48... Rxe5 {Black mates.} 49. f7 Re1+ 50. Kd2 R5e2+ {Precision: White = 41%, Black = 42%.} 0-1

[Event "27th CRO-chT 1A-Men 2018"]
[Site "Biograd"]
[Date "2018.09.16"]
[Round "9.9"]
[White "Stevic, Hrvoje"]
[Black "Galic, Ivan"]
[Result "1/2-1/2"]
[WhiteElo "2579"]
[BlackElo "2416"]
[Annotator "TA"]
[PlyCount "104"]
[EventDate "2018.09.08"]
[EventType "team-tourn"]
[EventCountry "CRO"]
[SourceTitle "playchess.com"]
[Source "ChessBase"]
[SourceQuality "1"]

{[%evp 19,104,-10,-7,0,0,0,0,-18,-34,-61,-59,-58,-39,-53,0,0,0,-58,-6,-17,61,47,53,43,66,54,42,51,233,220,277,277,283,271,266,262,268,261,280,175,199,175,166,170,164,143,192,206,196,164,161,181,175,177,195,198,235,179,179,179,202,183,170,189,260,246,230,0,0,0,0,0,0,0,0,0,0,0,0,-8,0,0,0,0,0,0,0]} 1. e4 c5 2. Nf3 e6 3. g3 Nc6 4. Bg2 Nf6 5. Qe2 e5 6. O-O {B40: Sicilian: 2...e6, Unusual lines} Be7 7. c3 O-O 8. d3 h6 9. Na3 Re8 10. Nc4 Bf8 {LiveBook: 13 Games} 11. Re1 d5 12. exd5 Nxd5 13. Qc2 $146 {[%cal Rf3e5]} (13. Nfxe5 f6 $15) 13... Qc7 14. Bd2 Bf5 15. Nh4 Be6 16. Nf3 {[%cal Rf3e5]} Bf5 (16... f6 $15) 17. Nh4 $11 Be6 18. Re2 (18. Nf3 $1 $11) 18... Be7 ({Black should try} 18... b5 $15 19. Ne3 Nxe3 20. Bxe3 Rac8) 19. Nf3 {[%cal Rf3e5]} Bf6 ({Black should play} 19... f6 $1 $11) 20. Rae1 $36 {[%cal Rf3e5][%mdl 2048] White is pushing.} Bg4 21. h3 Bh5 22. g4 Bg6 {[#] aiming for ...Rad8.} 23. Nfxe5 $1 Ndb4 $2 (23... Bxe5 $14 24. Bxd5 Bh2+ 25. Kg2 Rxe2 26. Rxe2 Rd8) 24. cxb4 $18 Nd4 25. Qd1 Nxe2+ 26. Rxe2 ({Resist} 26. Qxe2 $6 cxb4 27. Bf4 (27. Bxb4 Rad8 $16) 27... Rad8 $16) 26... Bxe5 27. Nxe5 Rxe5 28. Bf4 Rae8 29. Rxe5 ({Less strong is} 29. Bxe5 Rxe5 30. Rxe5 Qxe5 $16) 29... Rxe5 30. bxc5 Qxc5 31. Bxe5 ({And not} 31. Bxb7 Re8 $17) 31... Qxe5 32. d4 Qc7 33. d5 {Strongly threatening d6.} Qd6 34. Qd4 a6 35. b4 Kf8 36. a4 f6 37. a5 Bf7 38. Qc5 Ke7 39. Be4 g6 40. Kg2 Kd7 41. Bf3 Qe5 (41... Bg8 {was necessary.} 42. Qc4 Bf7) 42. d6 Qxd6 43. Qxd6+ $2 (43. Bxb7 $18 {Qxd6+ is the strong threat.} Qxc5 44. bxc5) 43... Kxd6 {[%mdl 4096] Endgame KB-KB. The position is equal.} 44. Kg3 Bd5 {[#] White must now prevent ...Bxf3.} 45. Be2 Ke5 46. f4+ Kd4 {And now ...Ke3 would win.} 47. g5 hxg5 48. fxg5 fxg5 49. b5 axb5 50. Bxb5 Kc5 51. Bf1 Kb4 52. a6 bxa6 {Precision: White = 74%, Black = 48%.} 1/2-1/2

[Event "27th CRO-chT 1A-Men 2018"]
[Site "Biograd"]
[Date "2018.09.16"]
[Round "9.10"]
[White "Bender, Ivan"]
[Black "Kozul, Zdenko"]
[Result "0-1"]
[WhiteElo "2261"]
[BlackElo "2600"]
[Annotator "TA"]
[PlyCount "82"]
[EventDate "2018.09.08"]
[EventType "team-tourn"]
[EventCountry "CRO"]
[SourceTitle "playchess.com"]
[Source "ChessBase"]
[SourceQuality "1"]

{[%evp 13,82,48,59,16,49,32,43,39,54,46,48,1,47,26,35,17,16,0,41,16,31,0,30,-14,-23,-25,-25,-33,-24,-29,-27,-35,-42,-45,-37,-58,-8,-41,-13,-22,0,0,0,0,0,0,0,0,-1,-8,-1,-12,-16,-35,-32,-48,-36,-158,-163,-179,-177,-185,-162,-202,-200,-744,-700,-683,-694,-647,-675]} 1. d4 Nf6 2. Nf3 d6 3. Nc3 g6 4. e4 Bg4 5. Be2 Bg7 6. h3 {B08: Pirc Defence: Classical System} (6. Be3 O-O 7. h3 Bxf3 8. Bxf3 Nc6 9. Ne2 e5 10. d5 Nd4 11. Bxd4 exd4 12. Qxd4 Re8 13. Qc4 b5 14. Qd3 Qe7 {½-½ (40) Romanov,E (2635)-Lie,K (2535) Fagernes 2016}) 6... Bxf3 7. Bxf3 Nc6 {LiveBook: 8 Games} 8. g3 {[%cal Bg2g3,Bg3g4][%mdl 32] White is slightly better.} Nd7 $146 ({Predecessor:} 8... h5 9. Be3 Nd7 10. Be2 e5 11. d5 Ne7 12. Qd2 f5 13. Bg5 {1-0 (28) Yolal,S (1646)-Gitu,P (2012) Prague 2016}) 9. Ne2 e5 {[%cal Re5d4]} 10. d5 Ne7 11. g4 O-O 12. Ng3 b5 13. Be3 Nb6 14. Be2 c6 15. dxc6 a6 16. O-O Nxc6 17. b3 Qc7 18. c4 b4 19. c5 dxc5 20. Bxc5 Rfd8 21. Qe1 a5 22. Be3 Nd4 23. Rc1 Qe7 24. Kg2 Rd6 25. Rc5 (25. Bxd4 $5 Rxd4 26. Rc6 $11) 25... Ne6 26. Qc1 Nxc5 (26... a4 {feels hotter.} 27. Rc2 axb3 28. axb3 Nd7 29. Bb5 Bf6) 27. Bxc5 Rc8 {And now ...Qd7 would win.} 28. Bxd6 Qxd6 29. Rd1 Qb8 30. Qd2 Bf8 {[%cal Bg7f8,Bf8e7,Be7g5,Bg5c1,Bc1f4][%mdl 32]} 31. Ba6 Rc6 32. Qg5 Qc7 $36 {[%mdl 2048] Black has some pressure.} 33. Rd2 Be7 34. Qe3 Kg7 35. Qe2 (35. g5 $15) 35... Bg5 $1 $17 {[%cal Rg5d2]} 36. Rb2 {[#]} Bc1 $1 {[%cal Rc1b2]} 37. Rb1 Rc2 38. Qb5 Nd7 {Strongly threatening ...Nc5.} ({But not} 38... Rxa2 $2 {[#]} 39. Rxc1 $1 {[%mdl 512]} Qxc1 40. Qxe5+ Kg8 41. Qb8+ Kg7 42. Qxb6 $18) 39. Qa4 $2 (39. Qd3) 39... Nc5 {Black is clearly winning.} 40. Qb5 Qd6 41. Qf1 Bf4 {Precision: White = 26%, Black = 62%.} (41... Nxa6 $2 42. Rxc1 Rxa2 43. Qc4 $19) 0-1

[Event "27th CRO-chT 1A-Men 2018"]
[Site "Biograd"]
[Date "2018.09.16"]
[Round "9.13"]
[White "Movsesian, Sergei"]
[Black "Braun, Arik"]
[Result "1/2-1/2"]
[WhiteElo "2645"]
[BlackElo "2581"]
[Annotator "TA"]
[PlyCount "31"]
[EventDate "2018.09.08"]
[EventType "team-tourn"]
[EventCountry "CRO"]
[SourceTitle "playchess.com"]
[Source "ChessBase"]
[SourceQuality "1"]

{[%evp 17,19,-31,-19,-62]} 1. e4 c6 2. d3 d5 3. Nd2 e5 4. Ngf3 Bd6 5. g3 Nf6 6. Bg2 O-O 7. O-O Re8 8. Re1 a5 {B10: Caro-Kann-Verteidigung} 9. a4 Na6 {LiveBook: 4 Partien} 10. b3 {Vorgänger:} Bg4 $146 11. h3 Bxf3 12. Bxf3 Bb4 13. Bb2 d4 14. Rf1 b5 15. Bg2 Nd7 16. Kh2 {1-0 (36) Andriasian,Z (2585)-Navara,D (2740) Katowice 2017} 1/2-1/2

[Event "27th CRO-chT 1A-Men 2018"]
[Site "Biograd"]
[Date "2018.09.16"]
[Round "9.14"]
[White "Georgiev, Kiril"]
[Black "Nguyen, Thai Dai Van"]
[Result "1/2-1/2"]
[WhiteElo "2590"]
[BlackElo "2537"]
[Annotator "TA"]
[PlyCount "43"]
[EventDate "2018.09.08"]
[EventType "team-tourn"]
[EventCountry "CRO"]
[SourceTitle "playchess.com"]
[Source "ChessBase"]
[SourceQuality "1"]

{[%evp 20,21,6,0]} 1. Nf3 {Schulz,André} Nf6 2. c4 e6 3. g3 d5 4. b3 Be7 5. Bb2 O-O 6. Bg2 b6 7. O-O Bb7 8. e3 dxc4 9. bxc4 c5 10. Qe2 Nc6 11. Rd1 {LiveBook: 103 Games} {Predecessor:} Qc7 $146 12. Nc3 a6 13. Rab1 Rfd8 14. d3 Na7 15. Ba1 Bc6 16. a4 Rac8 17. e4 Nd7 18. Nd5 exd5 19. exd5 Bf6 20. Bxf6 Nxf6 21. dxc6 Nxc6 22. Qb2 {0-1 (45) Ernst,S (2527)-Kravtsiv,M (2621) Berlin 2015 CBM 168 Extra [Schulz,André]} 1/2-1/2

[Event "27th CRO-chT 1A-Men 2018"]
[Site "Biograd"]
[Date "2018.09.16"]
[Round "9.16"]
[White "Zovko, Mario"]
[Black "Biti, Ozren"]
[Result "1/2-1/2"]
[WhiteElo "2328"]
[BlackElo "2366"]
[Annotator "NA"]
[PlyCount "20"]
[EventDate "2018.09.08"]
[EventType "team-tourn"]
[EventCountry "CRO"]
[SourceTitle "playchess.com"]
[Source "ChessBase"]
[SourceQuality "1"]
[TimeControl "40/5400+30:1800+30"]

1. e4 {[%emt 0:00:30]} e5 {[%emt 0:00:30]} 2. Nf3 {[%emt 0:00:00]} Nf6 {[%emt 0:00:00]} 3. Nc3 {[%emt 0:00:00]} Nc6 {[%emt 0:00:00]} 4. d4 {[%emt 0:00:00]} exd4 {[%emt 0:00:00]} 5. Nxd4 {[%emt 0:00:00]} d6 {[%emt 0:00:00]} 6. Bb5 {[%emt 0:00:30]} Bd7 {[%emt 0:00:30]} 7. Bxc6 {[%emt 0:00:00]} bxc6 {[%emt 0:00:30]} 8. O-O {[%emt 0:00:00]} g6 {[%emt 0:00:00]} 9. Bg5 {[%emt 0:00:00]} Bg7 {[%emt 0:00:00]} 10. Qf3 {[%emt 0:00:00]} h6 {[%emt 0:00:30]} 1/2-1/2

[Event "27th CRO-chT 1A-Men 2018"]
[Site "Biograd"]
[Date "2018.09.16"]
[Round "9.17"]
[White "Medak, Bojan"]
[Black "Cosic, Marin"]
[Result "1/2-1/2"]
[WhiteElo "2367"]
[BlackElo "2227"]
[Annotator "NA"]
[PlyCount "21"]
[EventDate "2018.09.08"]
[EventType "team-tourn"]
[EventCountry "CRO"]
[SourceTitle "playchess.com"]
[Source "ChessBase"]
[SourceQuality "1"]
[TimeControl "40/5400+30:1800+30"]

1. d4 {[%emt 0:00:30]} d5 {[%emt 0:00:30]} 2. c4 {[%emt 0:00:00]} c6 {[%emt 0:00:00]} 3. Nf3 {[%emt 0:00:00]} Nf6 {[%emt 0:00:00]} 4. Nc3 {[%emt 0:00:00]} g6 {[%emt 0:00:30]} 5. e3 {[%emt 0:00:00]} Bg7 {[%emt 0:00:00]} 6. Be2 {[%emt 0:00:30]} O-O {[%emt 0:00:00]} 7. O-O {[%emt 0:00:00]} Bg4 {[%emt 0:00:30]} 8. cxd5 {[%emt 0:00:00]} cxd5 {[%emt 0:00:00]} 9. h3 {[%emt 0:00:00]} Bxf3 {[%emt 0:00:00]} 10. Bxf3 {[%emt 0:00:00]} e6 {[%emt 0:00:30]} 11. b3 {[%emt 0:00:30]} 1/2-1/2

[Event "27th CRO-chT 1A-Men 2018"]
[Site "Biograd"]
[Date "2018.09.18"]
[Round "9.19"]
[White "Postny, Evgeny"]
[Black "Tomashevsky, Evgeny"]
[Result "1/2-1/2"]
[WhiteElo "2621"]
[BlackElo "2702"]
[Annotator "TA"]
[PlyCount "116"]
[EventDate "2018.09.08"]
[EventType "team-tourn"]
[EventCountry "CRO"]
[SourceTitle "playchess.com"]
[Source "ChessBase"]
[SourceQuality "1"]

{[%evp 18,116,32,9,21,16,16,16,17,21,15,14,18,20,18,0,22,23,23,27,23,17,16,14,14,14,14,4,21,15,24,16,16,0,20,0,0,0,10,14,26,41,43,27,71,71,79,71,71,72,72,71,85,87,110,110,108,8,8,8,71,0,8,8,8,8,8,8,80,80,108,108,108,108,136,0,0,0,0,0,0,0,0,0,0,0,0,0,0,0,0,0,0,0,0,0,0,0,0,0,0]} 1. d4 Nf6 2. c4 e6 3. Nf3 d5 4. g3 Be7 5. Bg2 O-O 6. O-O dxc4 7. Qc2 b6 {E05: Open Catalan: 5 Nf3 Be7} (7... a6 8. a4 Bd7 9. Qxc4 Bc6 10. Bf4 Bd6 11. Nc3 Bxf4 12. gxf4 a5 13. e3 Nbd7 14. Kh1 Ra6 15. Rg1 Rb6 16. Qe2 Ne4 17. Qc2 f5 18. Nxe4 Bxe4 {½-½ (56) Aronian,L (2767)-So,W (2780) Saint Louis 2018}) 8. Bg5 Nd5 9. Bxe7 Qxe7 10. Ne5 {LiveBook: 3 Games} Bb7 $146 ({Predecessor:} 10... Nd7 11. Nc6 Qd6 12. Qxc4 b5 13. Qxb5 a5 14. Bxd5 Ba6 15. Qxa5 exd5 16. Qxd5 Bxe2 17. Qxd6 cxd6 {1-0 (36) Bosiocic,M (2619)-Gharamian,T (2626) Heraklio 2017}) 11. Qxc4 c5 12. Nc3 Nxc3 13. Qxc3 cxd4 14. Qxd4 Bxg2 15. Kxg2 Qb7+ 16. Kg1 Nc6 17. Qe4 Rfc8 18. Rac1 {[%cal Re5c6]} Na5 19. Qxb7 (19. Qe3 {is more complex.} Nc6 20. Qf3 Nd8 21. Kg2 f6 22. Nc4) 19... Nxb7 20. Rfd1 f6 21. Nc6 Kf8 22. b4 Ke8 23. Nd4 Ke7 24. f4 Nd8 25. f5 a5 26. bxa5 bxa5 27. Kf2 a4 28. g4 Rab8 29. fxe6 {And now Nf5+ would win.} g6 30. h4 Rxc1 31. Rxc1 $11 {[%mdl 4096] [#] Endgame Threatens to win with Rc7+. KRN-KRN} Rb7 32. Rc4 Nxe6 33. Nxe6 Kxe6 34. Rxa4 $16 {KR-KR} Rb2 35. Kf3 h5 36. gxh5 gxh5 37. Kf4 (37. Re4+ $16 Kf5 38. a4) 37... Kf7 $1 $11 38. Ke3 Ke6 (38... Kg6 $11) 39. Kf4 ({White should play} 39. Kf3 $16) 39... Kf7 $1 40. Kf5 {aiming for Ra7+.} Rb5+ 41. Ke4 Rb2 42. e3 Rd2 (42... Kg6 $11 {keeps the balance.}) 43. a3 $16 Rh2 44. Kf5 Rf2+ 45. Rf4 Re2 {[#]} 46. Rf3 (46. Rb4 $1 $16) 46... Ra2 $11 {The position is equal.} 47. e4 Re2 48. Kf4 Ke6 49. Rb3 Rf2+ 50. Kg3 Re2 51. Rb6+ Kf7 52. Kf4 Rf2+ 53. Ke3 Rh2 54. a4 Rxh4 55. a5 Rh3+ 56. Kf4 Ra3 57. a6 Ra5 58. Rc6 Ra4 {Precision: White = 54%, Black = 67%.} 1/2-1/2

[Event "27th CRO-chT 1A-Men 2018"]
[Site "Biograd"]
[Date "2018.09.18"]
[Round "9.20"]
[White "Saric, Ivan"]
[Black "Pikula, Dejan"]
[Result "1/2-1/2"]
[WhiteElo "2689"]
[BlackElo "2469"]
[Annotator "TA"]
[PlyCount "155"]
[EventDate "2018.09.08"]
[EventType "team-tourn"]
[EventCountry "CRO"]
[SourceTitle "playchess.com"]
[Source "ChessBase"]
[SourceQuality "1"]

{[%evp 11,155,27,31,31,41,34,39,29,29,27,29,23,16,18,54,52,57,28,77,83,79,85,104,87,69,83,79,77,81,62,77,85,95,52,51,50,43,41,104,18,21,22,22,18,15,6,6,0,0,0,0,0,0,0,8,12,8,6,7,6,7,6,6,6,6,8,15,7,8,0,16,16,20,8,50,56,85,85,230,239,227,199,269,62,48,28,24,0,0,0,0,0,0,0,0,0,0,0,0,0,182,0,166,-6,-13,-87,0,-5531,-5406,-3100,-2840,-29977,-1840,-1893,-1893,-1423,-331,-304,0,0,0,0,0,0,0,-8,-8,-8,-8,-8,-8,-8,-8,-8,-8,-8,-8,0,0,0,0,-8,0,0,0,-8]} 1. e4 c6 2. d4 d5 3. e5 Bf5 4. Nf3 e6 5. Be2 Ne7 6. O-O h6 7. Nbd2 {B12: Caro-Kann: Advance Variation} Nd7 8. c3 Nc8 (8... c5 9. dxc5 Nxc5 10. Nd4 Nd7 11. Nxf5 Nxf5 12. Bd3 Ne7 13. Nf3 Nc6 14. Re1 Qc7 15. Qe2 g5 {0-1 (50) Karjakin,S (2773)-Mamedyarov,S (2801) Saint Louis 2018}) 9. Re1 {White is slightly better.} Be7 10. Nf1 $146 ({Predecessor:} 10. Qb3 Ncb6 11. a4 a5 12. Nf1 O-O 13. Ng3 Bg6 14. Be3 c5 15. dxc5 Nxc5 {0-1 (36) Sherwood,R (1822)-Thorwesten,A (1800) IECG email 2002}) 10... O-O 11. Ng3 Bg6 12. Bd3 c5 13. Bxg6 fxg6 14. Be3 c4 15. b3 Ncb6 16. Nd2 Rf7 17. a4 {aiming for a5.} cxb3 18. Qxb3 a5 19. Rab1 Rc8 20. Rec1 Rf8 21. Qb5 Qc7 22. Ne2 Qc6 23. Qxa5 Ra8 24. Qb5 Rxa4 (24... Qxb5 $14 25. Rxb5 Rxa4) 25. Nf4 (25. Qd3 $16) 25... Qxb5 $11 26. Rxb5 Kf7 $1 27. Rcb1 g5 28. Nd3 Rc8 29. Nc5 Nxc5 30. Rxb6 Nd3 31. R6b3 Ra2 32. Kf1 Rc2 33. c4 dxc4 34. Nxc4 R8xc4 35. Rxd3 Rb4 36. Rxb4 Bxb4 {[%mdl 4096] Endgame KRB-KRB} 37. Rb3 Rc4 38. Ke2 b5 39. Kd3 Ke8 40. g3 g6 41. Rb1 Kd7 42. h4 Kc6 43. hxg5 h5 44. Ra1 $1 {[%cal Ra1a7] Black must now prevent Ra7.} Kd5 (44... Rc3+ $16 45. Ke4 Ra3 46. Rc1+ Kd7) 45. Ra8 $1 $18 Rc3+ 46. Ke2 Rc6 (46... Rc2+ {is a better defense.} 47. Kf3 Rc6) 47. Rb8 $2 (47. Rg8 $1 $18) 47... Kc4 $14 48. f4 Bc3 49. f5 exf5 50. Rd8 $1 Ba5 51. Rd7 Rc7 52. Rd6 b4 53. Bd2 $1 (53. Rxg6 b3 $17) 53... Rb7 $1 {And now ...b3 would win.} 54. Bc1 ({Of course not} 54. Rxg6 b3 $17) 54... b3 55. Bb2 Rc7 $2 (55... Rb6 $11 {and Black stays safe.} 56. Rf6 Kd5) 56. d5 $2 (56. Rxg6 $18 Bc3 57. Bxc3 Kxc3 58. Ke3) 56... Kb5 $2 (56... Ra7 $1 $11 {and Black has nothing to worry.} 57. Rxg6 Bb4) 57. e6 $2 (57. Kd3 $18) 57... Bb4 $11 58. Rd8 (58. Rd7 $1 $11 {remains equal.} Rc2+ 59. Kd3 Rxb2 60. Rb7+ Kc5 61. Rxb4 $1 {[%mdl 512]}) 58... Rc2+ (58... Be7 $1 $17 {[%cal Re7d8]} 59. Rb8+ Kc5) 59. Kf3 $2 {[%mdl 8192]} (59. Kd3 $11 Rd2+ 60. Ke3 Rxb2 61. Rb8+ Kc5 62. e7) 59... Bc5 $19 {[%csl Gc5][%cal Rc2f2]} (59... Rxb2 60. Rb8+ Ka5 61. Rxb4 $1 $16 {[%mdl 512]}) 60. Kf4 Rxb2 {KRB-KR} 61. d6 Rf2+ (61... Bd4 $142 62. g4 Rf2+ 63. Kg3 f4+ 64. Kh3 Rf3+ 65. Kh2 Rf2+ 66. Kh3 Rf3+ 67. Kg2 Rg3+ 68. Kh2 Bg1+ 69. Kh1 b2 70. e7 b1=Q 71. e8=Q+ Kb4 72. Rb8+ Bb6+ 73. Qe1+ Qxe1+ 74. Kh2 Qg1#) 62. Ke5 Re2+ 63. Kf6 b2 $2 (63... Bd4+ 64. Kf7 b2 65. Rb8+ Bb6) 64. Rb8+ {[#]} Bb6 $2 (64... Kc6 $1 $19 65. d7 Rd2) 65. d7 $11 {The position is equal.} b1=Q 66. d8=Q Qa1+ 67. Kf7 {White threatens Qd5+ and mate.} Qa7+ 68. Qd7+ Qxd7+ $1 (68... Ka6 69. Qxa7+ Kxa7 70. Rg8) 69. exd7 {KRB-KR} Rd2 {...h4 is the strong threat.} 70. Kxg6 Rxd7 71. Kxh5 Rd3 72. g6 Rxg3 {Threatens to win with ...f4.} 73. Kh6 f4 74. g7 Rh3+ 75. Kg6 Rg3+ 76. Kh7 Rh3+ 77. Kg6 Rg3+ 78. Kh7 {Precision: White = 54%, Black = 49%.} 1/2-1/2

[Event "27th CRO-chT 1A-Men 2018"]
[Site "Biograd"]
[Date "2018.09.18"]
[Round "9.21"]
[White "Jovanovic, Zoran"]
[Black "Markus, Robert"]
[Result "1/2-1/2"]
[WhiteElo "2540"]
[BlackElo "2613"]
[Annotator "TA"]
[PlyCount "23"]
[EventDate "2018.09.08"]
[EventType "team-tourn"]
[EventCountry "CRO"]
[SourceTitle "playchess.com"]
[Source "ChessBase"]
[SourceQuality "1"]

{[%evp 13,23,0,39,36,40,35,33,34,46,39,40,36]} 1. e4 {[%cal Be2e4,Be4e5][%mdl 32]} Nf6 2. Nc3 d5 3. e5 d4 4. exf6 dxc3 5. fxg7 cxd2+ 6. Bxd2 Bxg7 7. Qf3 Nc6 8. O-O-O {[#] aiming for Bc3.White is slightly better. B02: Alekhine's Defence: Chase Variation and lines with early Nc3} Qd6 9. Bc3 Qh6+ 10. Kb1 Bd7 (10... O-O 11. Qg3 Bf5 12. Nf3 Qg6 13. Bd3 Bxd3 14. Rxd3 Qxg3 15. hxg3 Rad8 16. Bxg7 Kxg7 {½-½ (25) Ruiz Sanchez,O (2411)-Nogueiras Santiago,J (2502) Merida 2014}) 11. Bxg7 $146 ({Predecessor:} 11. Bc4 Rf8 12. Bxg7 Qxg7 13. Qg3 Qe5 14. Nf3 Qxg3 15. hxg3 {1-0 (45) Podoba,M (2065)-Abel,P (2295) Slovakia 1998}) 11... Qxg7 12. Qg3 1/2-1/2

[Event "27th CRO-chT 1A-Men 2018"]
[Site "Biograd"]
[Date "2018.09.18"]
[Round "9.22"]
[White "Kuljasevic, Davorin"]
[Black "Bukal, Vladimir Jr"]
[Result "1/2-1/2"]
[WhiteElo "2548"]
[BlackElo "2380"]
[Annotator "TA"]
[PlyCount "29"]
[EventDate "2018.09.08"]
[EventType "team-tourn"]
[EventCountry "CRO"]
[SourceTitle "playchess.com"]
[Source "ChessBase"]
[SourceQuality "1"]

{[%evp 12,29,30,31,20,10,33,28,27,10,25,0,0,0,79,72,63,67,69,55]} 1. d4 e6 2. c4 f5 3. g3 Nf6 4. Bg2 d5 5. Nh3 Bd6 6. O-O {A90: Dutch Defence: Miscellaneous and Modern Stonewall (with ...Bd6)} O-O 7. Bf4 {LiveBook: 12 Games} Be7 8. Nd2 {The position is equal.} Nc6 9. Be3 $146 ({Predecessor:} 9. Nf3 dxc4 10. Rc1 Ne4 11. Be3 Nb4 12. Rxc4 b5 13. Rxb4 Bxb4 {½-½ (53) Korobov,A (2652)-Grischuk,A (2772) Huaian 2017}) 9... a5 10. Rc1 a4 11. a3 Ng4 12. cxd5 $1 Nxe3 (12... exd5 $11 {remains equal.} 13. Nf4 Ra5) 13. fxe3 $16 exd5 14. Nf4 Ra5 15. b4 1/2-1/2

[Event "27th CRO-chT 1A-Men 2018"]
[Site "Biograd"]
[Date "2018.09.16"]
[Round "9.23"]
[White "Dutina, Dario"]
[Black "Jovanic, Ognjen"]
[Result "0-1"]
[WhiteElo "2245"]
[BlackElo "2512"]
[Annotator "TA"]
[PlyCount "42"]
[EventDate "2018.09.08"]
[EventType "team-tourn"]
[EventCountry "CRO"]
[SourceTitle "playchess.com"]
[Source "ChessBase"]
[SourceQuality "1"]

{[%evp 22,42,0,0,80,70,263,260,254,245,237,110,125,0,0,0,0,0,0,-506,-485,-1296,-1297]} 1. e4 c5 2. Nc3 Nc6 3. f4 e6 4. Nf3 Nge7 5. d4 cxd4 6. Nxd4 Nxd4 7. Qxd4 Nc6 8. Qf2 d5 9. exd5 {B23: Closed Sicilian: Lines without g3} (9. Bd3 Be7 10. O-O O-O 11. a3 a6 12. Kh1 d4 13. Ne2 b5 14. b4 Ra7 15. Bb2 Rd7 16. e5 Bb7 17. Qg3 {½-½ (38) Vocaturo,D (2542)-Iturrizaga Bonelli,E (2625) San Cristobal 2012}) 9... exd5 10. Be3 Bb4 11. Bc5 Bxc3+ 12. bxc3 {LiveBook: 3 Games. aiming for 0-0-0.} Qf6 (12... Qa5 $1 $11 13. O-O-O Be6) 13. O-O-O $146 ({Much weaker is} 13. Kd2 $6 Bf5 $11) ({Predecessor:} 13. Kd2 Bf5 14. Re1+ Be4 15. Bd3 O-O-O 16. Rhf1 Bxd3 17. cxd3 {0-1 (31) Cuellar Elisvan,D (2269)-Leiva Rodriguez,J (2232) Lima 2012}) 13... Be6 $2 ({Black should play} 13... Bd7 $14) 14. Bb5 $1 $18 O-O-O 15. Bxc6 $1 bxc6 {[#]} 16. Bd4 (16. Rd4 $1 $18 {and White stays clearly on top.}) 16... Qe7 $16 17. Bxg7 (17. f5 $16 Qg5+ 18. Kb2 Bxf5 19. Rb1 (19. Bxa7 Rd7 $14)) 17... Qa3+ 18. Kd2 $1 d4 19. cxd4 Qa5+ 20. c3 $2 {[%mdl 8192] [#]} (20. Kc1 $1 $11 Rhg8 21. Be5) 20... Rhg8 $1 $19 21. Be5 {[#]} (21. Rhe1 $142 Rxg7 22. a4) 21... Rxg2 $1 {[%mdl 512] Precision: White = 47%, Black = 56%.} 0-1